000 00491nam a2200193 a 4500
001 1765635237944
003 YourLibrary
005 20251216152706.0
008 251213s1995##################000#0#eng##
020 _a9780827605046
082 0 4 _a221.6
_bGRE
100 1 _aGreenberg, Moshe,
_eauthor.
245 1 0 _aStudies in the Bible and Jewish Thought :
260 _c1995.
300 _a488 pages
650 0 _aReligion.
942 _cENGLISH
040 _aYourLibrary
_beng
_cYourLibrary
999 _c602679
_d602679